[Event "Europa ch s-16"]
[Site "Herceg Novi MNE"]
[Date "2008.09.16"]
[Round "2.34"]
[White "Halvax, Georg"]
[Black "Woods, Connor"]
[Result "1-0"]
[WhiteElo "2162"]
[BlackElo "1934"]
[PlyCount "59"]
[EventDate "2008.09.15"]
[EventType "swiss"]
[EventRounds "9"]
[Source "lmi"]
[SourceDate "2008.09.15"]

1. e4 c5 2. Nf3 Nc6 3. d4 cxd4 4. Nxd4 Nf6 5. Nc3 e5 6. Ndb5 d6 7. Bg5 a6 8.
Na3 b5 9. Nd5 Be7 10. Bxf6 Bxf6 11. c4 b4 12. Nc2 a5 13. Qf3 Be6 14. Rd1 Be7
15. c5 dxc5 16. Nf6+ Bxf6 17. Rxd8+ Rxd8 18. Bb5 Rd6 19. Qe3 O-O 20. Qxc5 Be7
21. O-O Rc8 22. Ba4 Kf8 23. Ne3 f6 24. Bxc6 Rcxc6 25. Qxa5 Rd2 26. b3 Kf7 27.
a3 Bc5 28. Qb5 Bd7 29. Nc4 Rb6 30. Qxc5 1-0

[Event "Europa ch s-16"]
[Site "Herceg Novi MNE"]
[Date "2008.09.16"]
[Round "2.42"]
[White "Dubessay, Bastien"]
[Black "Konstantinidis, Lazaros"]
[Result "1-0"]
[WhiteElo "2131"]
[BlackElo "1921"]
[PlyCount "47"]
[EventDate "2008.09.15"]
[EventType "swiss"]
[EventRounds "9"]
[Source "lmi"]
[SourceDate "2008.09.15"]

1. d4 d5 2. c4 e5 3. dxe5 d4 4. Nf3 Nc6 5. a3 Nge7 6. Nbd2 a5 7. Nb3 Nf5 8. e3
dxe3 9. Qxd8+ Kxd8 10. fxe3 a4 11. Nbd4 Bc5 12. Nxc6+ bxc6 13. Kf2 Rb8 14. Bd3
Ke7 15. Bc2 Rd8 16. g4 Nh6 17. h3 Ra8 18. Bd2 Be6 19. Be4 Bxc4 20. Rac1 Bd5 21.
Bxd5 Rxd5 22. Rxc5 Rxc5 23. Bb4 Raa5 24. Rc1 1-0

[Event "Europa ch s-16"]
[Site "Herceg Novi MNE"]
[Date "2008.09.16"]
[Round "2.46"]
[White "Arvola, Benjamin"]
[Black "Krstonijevic, Stjepan"]
[Result "1-0"]
[WhiteElo "2105"]
[BlackElo "1860"]
[PlyCount "61"]
[EventDate "2008.09.15"]
[EventType "swiss"]
[EventRounds "9"]
[Source "lmi"]
[SourceDate "2008.09.15"]

1. d4 d5 2. c4 c6 3. Nc3 Nf6 4. Nf3 e6 5. e3 Nbd7 6. Qc2 Bd6 7. b3 O-O 8. Bb2
Qe7 9. Be2 e5 10. cxd5 cxd5 11. dxe5 Nxe5 12. O-O Qc7 13. Nd4 Neg4 14. h3 Bh2+
15. Kh1 Bg1 16. Nf3 Bxf2 17. hxg4 Ne4 18. Rxf2 Nxf2+ 19. Kg1 Nxg4 20. Bd3 Be6
21. Bxh7+ Kh8 22. Nd1 Qg3 23. Bf5 Rac8 24. Qd3 Rc6 25. Bxg4 Bxg4 26. Be5 Bf5
27. Qxf5 Qg6 28. Qxg6 fxg6 29. Nc3 g5 30. Nxd5 Rc5 31. Bd6 1-0

[Event "Europa ch s-16"]
[Site "Herceg Novi MNE"]
[Date "2008.09.17"]
[Round "3.1"]
[White "Prohaszka, Peter"]
[Black "Valsecchi, Alessio"]
[Result "1/2-1/2"]
[WhiteElo "2509"]
[BlackElo "2298"]
[PlyCount "71"]
[EventDate "2008.09.15"]
[EventType "swiss"]
[EventRounds "9"]
[Source "lmi"]
[SourceDate "2008.09.15"]

1. d4 Nf6 2. c4 g6 3. Nc3 d5 4. cxd5 Nxd5 5. e4 Nxc3 6. bxc3 c5 7. Bc4 Bg7 8.
Ne2 O-O 9. O-O Nc6 10. Be3 Bg4 11. f3 Bd7 12. Bd3 Qc7 13. f4 cxd4 14. cxd4 Bg4
15. Qa4 Bxe2 16. Bxe2 Nxd4 17. Rab1 Rac8 18. Bxd4 Qc2 19. Qxa7 Bxd4+ 20. Qxd4
Qxe2 21. Rf2 Qa6 22. h3 Rfd8 23. Qb6 Qxb6 24. Rxb6 Rd7 25. Rfb2 Rcc7 26. R6b4
Kf8 27. Kf2 Rc3 28. a4 Ra3 29. Rc4 Kg7 30. e5 e6 31. Kg1 Rad3 32. Kh2 R3d4 33.
Rxd4 Rxd4 34. a5 Ra4 35. Rb5 Ra3 36. Rxb7 1/2-1/2

[Event "Europa ch s-16"]
[Site "Herceg Novi MNE"]
[Date "2008.09.17"]
[Round "3.2"]
[White "Lorand, Norbert"]
[Black "Ter-Sahakyan, Samvel"]
[Result "0-1"]
[WhiteElo "2273"]
[BlackElo "2480"]
[PlyCount "56"]
[EventDate "2008.09.15"]
[EventType "swiss"]
[EventRounds "9"]
[Source "lmi"]
[SourceDate "2008.09.15"]

1. e4 c5 2. Nf3 d6 3. d4 cxd4 4. Nxd4 Nf6 5. Nc3 a6 6. Be3 e5 7. Nf3 Qc7 8. a4
Be7 9. a5 O-O 10. h3 Be6 11. Ng5 Qc6 12. Be2 d5 13. exd5 Bxd5 14. Nxd5 Nxd5 15.
Bd2 Bxg5 16. Bxg5 Nc3 17. Bf3 e4 18. bxc3 exf3 19. Qxf3 Re8+ 20. Kd2 Qb5 21.
Qg4 h5 22. Qg3 Nd7 23. Bh6 g6 24. Kc1 Ne5 25. Qg5 Qc6 26. Qg3 Nc4 27. Rd1 Qb5
28. Rb1 Qxa5 0-1

[Event "Europa ch s-16"]
[Site "Herceg Novi MNE"]
[Date "2008.09.17"]
[Round "3.3"]
[White "Dragomirescu, Robin-Alexandru"]
[Black "Nyzhnyk, Illya"]
[Result "1/2-1/2"]
[WhiteElo "2232"]
[BlackElo "2428"]
[PlyCount "114"]
[EventDate "2008.09.15"]
[EventType "swiss"]
[EventRounds "9"]
[Source "lmi"]
[SourceDate "2008.09.15"]

1. e4 c5 2. Nf3 d6 3. d4 cxd4 4. Nxd4 Nf6 5. Nc3 a6 6. Be3 e5 7. Nb3 Be6 8. Qd2
Nbd7 9. f3 h5 10. O-O-O Rc8 11. Kb1 Be7 12. Nd5 Nxd5 13. exd5 Bf5 14. Bd3 Bxd3
15. Qxd3 Qc7 16. f4 exf4 17. Bxf4 O-O 18. g4 hxg4 19. h3 g3 20. c3 Nf6 21. Bxg3
g6 22. Rhg1 Qd7 23. Bf4 Kh7 24. Rg5 Ne8 25. Rg4 Ng7 26. Nd4 Bf6 27. Rdg1 Bxd4
28. Qxd4 Rfe8 29. Rg5 Re2 30. Qd3 Rce8 31. Bc1 Qe7 32. c4 Qf6 33. R5g2 R2e4 34.
Rf1 Nf5 35. Rg4 Re2 36. Rgf4 R8e5 37. Bd2 Qe7 38. h4 R5e4 39. h5 Rxf4 40. hxg6+
fxg6 41. Rxf4 Qe5 42. Rf1 Kg8 43. Bc3 Qe3 44. Qxe3 Nxe3 45. Rf6 Rg2 46. b3 b5
47. Rxd6 bxc4 48. Rd8+ Kf7 49. bxc4 Nxc4 50. d6 Ke6 51. d7 Nb6 52. Ra8 Nxd7 53.
Rxa6+ Kd5 54. Ra4 Nb6 55. Rd4+ Kc5 56. Rd2 Rxd2 57. Bxd2 g5 1/2-1/2

[Event "Europa ch s-16"]
[Site "Herceg Novi MNE"]
[Date "2008.09.17"]
[Round "3.4"]
[White "Biryukov, Alexander"]
[Black "Alonso Rosell, Alvar"]
[Result "0-1"]
[WhiteElo "2138"]
[BlackElo "2393"]
[PlyCount "72"]
[EventDate "2008.09.15"]
[EventType "swiss"]
[EventRounds "9"]
[Source "lmi"]
[SourceDate "2008.09.15"]

1. d4 Nf6 2. Nf3 e6 3. c4 c5 4. d5 exd5 5. cxd5 d6 6. Nc3 g6 7. h3 Bg7 8. e4
O-O 9. Bd3 a6 10. a4 Re8 11. O-O Nh5 12. Re1 Nd7 13. g4 Nhf6 14. Bf4 h5 15. g5
Nh7 16. h4 Qe7 17. Qd2 Qf8 18. Bg3 b6 19. Re2 f6 20. gxf6 Qxf6 21. Qe3 Rf8 22.
Nh2 Ne5 23. f4 Nxd3 24. Qxd3 Qd4+ 25. Qxd4 cxd4 26. Nd1 Bh6 27. Kg2 Bxf4 28.
Bxf4 Rxf4 29. Kg3 Bg4 30. Kxf4 Rf8+ 31. Kg3 Bxe2 32. Nf2 d3 33. Nf1 g5 34. hxg5
h4+ 35. Kg2 Nxg5 36. Nd2 Rc8 0-1

[Event "Europa ch s-16"]
[Site "Herceg Novi MNE"]
[Date "2008.09.17"]
[Round "3.5"]
[White "Grandelius, Nils"]
[Black "Lyaskovsky, Viktor"]
[Result "1-0"]
[WhiteElo "2366"]
[BlackElo "2289"]
[PlyCount "59"]
[EventDate "2008.09.15"]
[EventType "swiss"]
[EventRounds "9"]
[Source "lmi"]
[SourceDate "2008.09.15"]

1. e4 c5 2. Nf3 e6 3. d4 cxd4 4. Nxd4 Nf6 5. Nc3 d6 6. Be3 a6 7. f3 b5 8. Qd2
Bb7 9. g4 Nfd7 10. O-O-O Nb6 11. Nb3 N8d7 12. Na5 Bc8 13. Bf4 e5 14. Be3 Qc7
15. Bxb5 axb5 16. Nxb5 Qb8 17. Nc6 Rxa2 18. c3 Nc4 19. Nxb8 Nxd2 20. Nc6 Nc5
21. Bxd2 Nd3+ 22. Kc2 Rxb2+ 23. Kxd3 Rxb5 24. Na7 Rb8 25. Nxc8 Rxc8 26. Ra1 h5
27. g5 Be7 28. Ra7 Bd8 29. Rb1 Bc7 30. Rxc7 1-0

[Event "Europa ch s-16"]
[Site "Herceg Novi MNE"]
[Date "2008.09.17"]
[Round "3.6"]
[White "Kanarek, Marcel"]
[Black "Arslanov, Shamil"]
[Result "1-0"]
[WhiteElo "2349"]
[BlackElo "2228"]
[PlyCount "55"]
[EventDate "2008.09.15"]
[EventType "swiss"]
[EventRounds "9"]
[Source "lmi"]
[SourceDate "2008.09.15"]

1. e4 c5 2. Nf3 e6 3. d4 cxd4 4. Nxd4 a6 5. Bd3 Bc5 6. Nb3 Ba7 7. Qg4 Nf6 8.
Qg3 d6 9. Nc3 Nc6 10. O-O b5 11. Bg5 h6 12. Bd2 Ne5 13. Kh1 g5 14. Ne2 Rg8 15.
Be3 Bxe3 16. Qxe3 Neg4 17. Qd2 Qb6 18. Ned4 Bb7 19. f3 Ne5 20. a4 Nxd3 21. cxd3
bxa4 22. Rxa4 Nd7 23. Rb4 Qa7 24. Na5 Nb6 25. Qf2 Rc8 26. Ndb3 Rc5 27. Nxc5
dxc5 28. Qxc5 1-0

[Event "Europa ch s-16"]
[Site "Herceg Novi MNE"]
[Date "2008.09.17"]
[Round "3.7"]
[White "Holvason, Juri"]
[Black "Sivuk, Vitaly"]
[Result "1/2-1/2"]
[WhiteElo "2041"]
[BlackElo "2324"]
[PlyCount "94"]
[EventDate "2008.09.15"]
[EventType "swiss"]
[EventRounds "9"]
[Source "lmi"]
[SourceDate "2008.09.15"]

1. e4 c5 2. Nf3 e6 3. d4 cxd4 4. Nxd4 a6 5. Bd3 Qc7 6. Qe2 Ne7 7. Be3 Nbc6 8.
Nb3 Ng6 9. N1d2 Nf4 10. Bxf4 Qxf4 11. g3 Qc7 12. c3 Be7 13. f4 d6 14. Nf3 b5
15. O-O O-O 16. Nbd4 Bb7 17. h3 Bf6 18. Kh2 g6 19. a4 Nxd4 20. cxd4 b4 21. Rfc1
Qb6 22. a5 Qa7 23. Rc4 b3 24. Rb4 Rab8 25. Rb6 Rfc8 26. Ra3 Rc6 27. Raxb3 Bd8
28. Rxc6 Bxc6 29. Rxb8 Qxb8 30. Bxa6 Bxa5 31. Qc2 Qa8 32. Bd3 Bb7 33. h4 Bb6
34. h5 Qa5 35. hxg6 hxg6 36. Qc3 Qa4 37. Qc2 Qa8 38. Nh4 Bxd4 39. e5 Qa1 40.
Kh3 dxe5 41. Bxg6 Qxb2 42. Qc7 fxg6 43. Qd8+ Kf7 44. Qd7+ Kf6 45. Qd8+ Kf7 46.
Qd7+ Kf6 47. Qd8+ Kf7 1/2-1/2

[Event "Europa ch s-16"]
[Site "Herceg Novi MNE"]
[Date "2008.09.17"]
[Round "3.8"]
[White "Sieciechowicz, Marcin"]
[Black "Vardanian, Haik G"]
[Result "1/2-1/2"]
[WhiteElo "2311"]
[BlackElo "2177"]
[PlyCount "133"]
[EventDate "2008.09.15"]
[EventType "swiss"]
[EventRounds "9"]
[Source "lmi"]
[SourceDate "2008.09.15"]

1. d4 Nf6 2. c4 e6 3. Nf3 b6 4. g3 Ba6 5. b3 Bb4+ 6. Bd2 Be7 7. Bg2 c6 8. O-O
d5 9. Ne5 Nfd7 10. Nxd7 Nxd7 11. Bc3 Rc8 12. Nd2 O-O 13. e4 b5 14. Re1 bxc4 15.
bxc4 dxc4 16. Qc2 c5 17. d5 exd5 18. exd5 Bf6 19. Nxc4 Bxc4 20. Bxf6 Nxf6 21.
Qxc4 Ne8 22. Qa4 Rc7 23. Re3 Nd6 24. Rae1 g6 25. h4 h5 26. Qf4 Rb7 27. Rc3 Rb4
28. Qc1 c4 29. Bf1 Qa5 30. Rd1 Qxa2 31. Ra3 Qb2 32. Qxb2 Rxb2 33. Rxa7 Rc8 34.
Ra6 c3 35. Rc1 Ne4 36. Rc6 Rd8 37. Bg2 Nxf2 38. R6xc3 Ng4 39. R3c2 Rxc2 40.
Rxc2 Ne3 41. Rd2 Nf5 42. Kf2 Kf8 43. Bh3 Nd6 44. Kf3 Ke7 45. Kf4 Kf6 46. Ra2
Re8 47. Ra4 Re2 48. Bd7 Rd2 49. Bc6 Nf5 50. Ra3 Rd4+ 51. Kf3 Ke5 52. Be8 Nd6
53. Bc6 Nc4 54. Ra7 Rd3+ 55. Ke2 Rxg3 56. Rxf7 Nd6 57. Re7+ Kd4 58. Kf2 Rg4 59.
Re6 Kc5 60. Ba8 Rf4+ 61. Ke2 Rg4 62. Kf2 Ra4 63. Bc6 Rf4+ 64. Ke2 Rxh4 65. Rxg6
Rh3 66. Kf2 h4 67. Rh6 1/2-1/2

[Event "Europa ch s-16"]
[Site "Herceg Novi MNE"]
[Date "2008.09.17"]
[Round "3.9"]
[White "Gretarsson, Hjorvar Steinn"]
[Black "Kowalczyk, Pawel"]
[Result "1/2-1/2"]
[WhiteElo "2299"]
[BlackElo "2138"]
[PlyCount "76"]
[EventDate "2008.09.15"]
[EventType "swiss"]
[EventRounds "9"]
[Source "lmi"]
[SourceDate "2008.09.15"]

1. d4 d5 2. c4 c6 3. Nf3 e6 4. Nc3 dxc4 5. a4 Bb4 6. Bd2 b5 7. axb5 Bxc3 8.
Bxc3 cxb5 9. b3 a5 10. bxc4 bxc4 11. e3 Ne7 12. Bxc4 Nbc6 13. O-O O-O 14. e4
Ba6 15. Qe2 Bxc4 16. Qxc4 Qd7 17. Rfb1 Rfb8 18. Rxb8+ Rxb8 19. g3 Qb7 20. Nd2
Qb5 21. Qxb5 Rxb5 22. Kf1 f5 23. f3 fxe4 24. fxe4 Nb4 25. Ke2 Nec6 26. Ra4 Rh5
27. h4 g5 28. Nf3 gxh4 29. gxh4 Kf7 30. Bxb4 Nxb4 31. e5 Kg6 32. Rxa5 Kf5 33.
Ra7 Ke4 34. Ng5+ Kxd4 35. Nxe6+ Ke4 36. Ra4 Rxe5 37. Ng5+ Kf5+ 38. Kf3 Nd5
1/2-1/2

[Event "Europa ch s-16"]
[Site "Herceg Novi MNE"]
[Date "2008.09.17"]
[Round "3.10"]
[White "Heimann, Andreas"]
[Black "Ketzetzis, Georgios"]
[Result "0-1"]
[WhiteElo "2433"]
[BlackElo "2099"]
[PlyCount "132"]
[EventDate "2008.09.15"]
[EventType "swiss"]
[EventRounds "9"]
[Source "lmi"]
[SourceDate "2008.09.15"]

1. e4 c6 2. d4 d5 3. Nc3 dxe4 4. Nxe4 Nd7 5. Bc4 Ngf6 6. Ng5 e6 7. Qe2 Nb6 8.
Bd3 h6 9. N5f3 c5 10. dxc5 Bxc5 11. Ne5 O-O 12. Ngf3 Nbd7 13. O-O Nxe5 14. Nxe5
Qc7 15. Bf4 Bd6 16. Rad1 b6 17. Bg3 Rd8 18. c3 Bb7 19. Bb1 Ba6 20. Qxa6 Bxe5
21. Qe2 Bxg3 22. hxg3 Rac8 23. Rfe1 Qc5 24. Rxd8+ Rxd8 25. Rd1 Rd5 26. Rxd5
Qxd5 27. Qd3 Kf8 28. Qxd5 Nxd5 29. Kf1 Ke7 30. Ke2 Kd6 31. Kd3 g5 32. Bc2 f5
33. Bd1 Nf6 34. Ke3 Nd5+ 35. Kd3 Nf6 36. Ke3 e5 37. Be2 h5 38. f3 Nd5+ 39. Kf2
Nf6 40. Bd3 e4 41. Bc4 Ke5 42. Bf7 h4 43. gxh4 gxh4 44. fxe4 fxe4 45. a4 Ng4+
46. Ke2 Kf4 47. Be6 Ne3 48. Bh3 Nd5 49. Be6 Nf6 50. b4 Kg3 51. Kf1 Nh5 52. c4
Nf4 53. Bf5 Nxg2 54. Bxe4 Ne3+ 55. Ke2 Nxc4 56. Bd5 Ne5 57. a5 Ng4 58. axb6
axb6 59. b5 h3 60. Bh1 Nf2 61. Bc6 Ng4 62. Bh1 Nh6 63. Be4 h2 64. Kd3 Nf5 65.
Bc6 Nh4 66. Bh1 Kf2 0-1

[Event "Europa ch s-16"]
[Site "Herceg Novi MNE"]
[Date "2008.09.17"]
[Round "3.11"]
[White "Firat, Burak"]
[Black "Yilmaz, Mustafa"]
[Result "0-1"]
[WhiteElo "2219"]
[BlackElo "2362"]
[PlyCount "84"]
[EventDate "2008.09.15"]
[EventType "swiss"]
[EventRounds "9"]
[Source "lmi"]
[SourceDate "2008.09.15"]

1. e4 c5 2. Nf3 d6 3. d4 cxd4 4. Nxd4 Nf6 5. Nc3 a6 6. h3 e6 7. g4 d5 8. exd5
Nxd5 9. Bd2 Bc5 10. Nb3 Bb6 11. Bg2 O-O 12. Qe2 a5 13. a4 Nc6 14. O-O-O Ncb4
15. Nb5 Qf6 16. Bxd5 exd5 17. f4 Bd7 18. c3 Rfe8 19. Qf1 Rac8 20. Kb1 Na6 21.
Qd3 Bc6 22. g5 Qd8 23. Rhe1 Re4 24. f5 g6 25. fxg6 hxg6 26. Rf1 Qe7 27. Bf4 Rd8
28. Qg3 Rxa4 29. Rde1 Qd7 30. N5d4 Bb5 31. Be5 Bxf1 32. Rxf1 Bc7 33. Bxc7 Qxc7
34. Qe3 Qd7 35. Re1 Rc4 36. Nxa5 Rcc8 37. Qe7 Nc5 38. Qf6 Ne4 39. Qf4 Qc7 40.
Qxc7 Rxc7 41. h4 Kg7 42. Re2 Nd6 0-1

[Event "Europa ch s-16"]
[Site "Herceg Novi MNE"]
[Date "2008.09.17"]
[Round "3.12"]
[White "Baron, Tal"]
[Black "Stella, Andrea"]
[Result "1/2-1/2"]
[WhiteElo "2285"]
[BlackElo "2209"]
[PlyCount "98"]
[EventDate "2008.09.15"]
[EventType "swiss"]
[EventRounds "9"]
[Source "lmi"]
[SourceDate "2008.09.15"]

1. e4 e6 2. d4 d5 3. Nc3 Bb4 4. e5 c5 5. a3 Bxc3+ 6. bxc3 Ne7 7. Qg4 O-O 8. Bd3
f5 9. exf6 Rxf6 10. Bg5 Rf7 11. Qh5 g6 12. Qd1 Qa5 13. Qd2 c4 14. Be2 Nf5 15.
Bf4 Nc6 16. Nf3 Nfxd4 17. cxd4 Rxf4 18. c3 Bd7 19. Rb1 Raf8 20. Rxb7 Bc8 21.
Rb1 Qxa3 22. O-O Qd6 23. Rfe1 R4f5 24. Qe3 Re8 25. Bd1 e5 26. dxe5 Nxe5 27.
Qxa7 Rf7 28. Qd4 Rfe7 29. Nxe5 Rxe5 30. Rxe5 Qxe5 31. Qxe5 Rxe5 32. f4 Re8 33.
Bf3 Be6 34. Re1 Kf8 35. Kf2 Bf7 36. Re5 Rb8 37. Ke3 Rb2 38. h4 Rc2 39. Bxd5
Rxc3+ 40. Kd4 Rc2 41. g3 Rc1 42. Bxf7 Kxf7 43. Rc5 Rg1 44. Ke5 Re1+ 45. Kd5 Rg1
46. Ke5 Re1+ 47. Kd5 Rg1 48. Ke5 Re1+ 49. Kd5 Rg1 1/2-1/2

[Event "Europa ch s-16"]
[Site "Herceg Novi MNE"]
[Date "2008.09.17"]
[Round "3.13"]
[White "Herrera Delgado, Alejandro"]
[Black "Kanmazalp, Ogulcan"]
[Result "1-0"]
[WhiteElo "2204"]
[BlackElo "2281"]
[PlyCount "89"]
[EventDate "2008.09.15"]
[EventType "swiss"]
[EventRounds "9"]
[Source "lmi"]
[SourceDate "2008.09.15"]

1. e4 e6 2. d4 d5 3. Nc3 Nf6 4. Bg5 Be7 5. e5 Nfd7 6. h4 Nc6 7. Qd2 Nb6 8. Rh3
f6 9. Bf4 fxe5 10. Bxe5 Nxe5 11. dxe5 Bd7 12. O-O-O a6 13. Nf3 Bb5 14. Nd4 Qd7
15. Ndxb5 axb5 16. Bxb5 c6 17. Be2 O-O 18. Kb1 Na4 19. Nxa4 Rxa4 20. Bd3 Raf4
21. f3 b5 22. h5 c5 23. c3 c4 24. Bc2 Qc7 25. Qe1 Kh8 26. Rd4 Qa7 27. Rxf4 Rxf4
28. Ka1 d4 29. cxd4 Qxd4 30. Rh1 b4 31. Qd1 Qxe5 32. Qd7 Qf6 33. Re1 e5 34.
Qe8+ Qf8 35. Qxf8+ Bxf8 36. Rxe5 Rh4 37. a4 b3 38. Bb1 Kg8 39. Re4 Rxh5 40.
Rxc4 Rh2 41. a5 Rxg2 42. a6 Rg5 43. Ra4 Bc5 44. Ra5 h6 45. f4 1-0

[Event "Europa ch s-16"]
[Site "Herceg Novi MNE"]
[Date "2008.09.17"]
[Round "3.14"]
[White "Pavlidis, Antonios"]
[Black "Halvax, Georg"]
[Result "1-0"]
[WhiteElo "2266"]
[BlackElo "2162"]
[PlyCount "53"]
[EventDate "2008.09.15"]
[EventType "swiss"]
[EventRounds "9"]
[Source "lmi"]
[SourceDate "2008.09.15"]

1. e4 c5 2. Nf3 Nc6 3. Bb5 d6 4. Bxc6+ bxc6 5. O-O e5 6. c3 Nf6 7. d4 cxd4 8.
cxd4 Qc7 9. Qc2 Bb7 10. Bg5 Nd7 11. Na3 h6 12. Bh4 g6 13. Rfd1 Ba6 14. Rac1 Rc8
15. dxe5 dxe5 16. Qd2 Bg7 17. b4 Qb7 18. Nc4 Bxc4 19. Rxc4 g5 20. Bg3 Nb6 21.
Rc5 f6 22. Qd6 Qd7 23. Qxd7+ Nxd7 24. Ra5 Rc7 25. Nd4 Bf8 26. a3 Be7 27. Rc1
1-0

[Event "Europa ch s-16"]
[Site "Herceg Novi MNE"]
[Date "2008.09.17"]
[Round "3.15"]
[White "Pohjala, Henri"]
[Black "Sinitsin, Roman"]
[Result "1/2-1/2"]
[WhiteElo "2035"]
[BlackElo "2258"]
[PlyCount "109"]
[EventDate "2008.09.15"]
[EventType "swiss"]
[EventRounds "9"]
[Source "lmi"]
[SourceDate "2008.09.15"]

1. d4 d5 2. c4 e6 3. Nc3 c6 4. cxd5 exd5 5. Bf4 Nf6 6. e3 Bf5 7. Bd3 Bxd3 8.
Qxd3 Be7 9. h3 Nbd7 10. Nf3 O-O 11. O-O Re8 12. Ne5 Nxe5 13. Bxe5 Nd7 14. Bg3
Nb6 15. a4 h6 16. b3 a5 17. Ra2 Bd6 18. Bxd6 Qxd6 19. Re2 Nd7 20. Na2 Ra6 21.
Rb1 Qa3 22. Nc1 Raa8 23. Qd1 Qd6 24. Nd3 Nf6 25. Rc1 Re7 26. Qe1 Ne4 27. Rec2
Ng5 28. Kh1 Qg6 29. Qd1 Qf5 30. Nf4 Ne4 31. Qf3 Ra6 32. Nd3 Qg6 33. Nc5 Rb6 34.
Nxe4 Rxe4 35. Qd1 Qf5 36. Qd3 Qf6 37. Kg1 Re8 38. Rc5 Ra8 39. Qc3 Qd6 40. Qd3
Rb4 41. R5c3 Ra6 42. Rc5 Qd8 43. R5c3 Rab6 44. Rb1 g6 45. Rc5 Ra6 46. Rbc1 Qe8
47. R1c3 Kg7 48. Rc1 Qe6 49. Rb1 h5 50. Qc3 Qd6 51. Qd3 Qd7 52. Qc3 Qe7 53. Rb2
Qd6 54. Rb1 h4 55. Rb2 1/2-1/2

[Event "Europa ch s-16"]
[Site "Herceg Novi MNE"]
[Date "2008.09.17"]
[Round "3.16"]
[White "Lyaskovsky, Valentin"]
[Black "Manelyuk, Nikita"]
[Result "1-0"]
[WhiteElo "2257"]
[BlackElo "2071"]
[PlyCount "53"]
[EventDate "2008.09.15"]
[EventType "swiss"]
[EventRounds "9"]
[Source "lmi"]
[SourceDate "2008.09.15"]

1. e4 e5 2. Nf3 Nf6 3. Nxe5 d6 4. Nf3 Nxe4 5. Nc3 Nf6 6. d4 Be7 7. h3 O-O 8.
Bd3 Re8 9. O-O Nbd7 10. Bg5 Nf8 11. Re1 Ne6 12. Be3 d5 13. Ne2 Bd6 14. Ng5 b6
15. Nxe6 fxe6 16. Bg5 e5 17. dxe5 Bxe5 18. c3 c5 19. f4 Bc7 20. Bb5 Rf8 21. Ng3
Qd6 22. Bxf6 gxf6 23. Bd3 Bb7 24. Qh5 Qd7 25. Nf5 Rae8 26. Bb5 Qxb5 27. Qg4+
1-0

[Event "Europa ch s-16"]
[Site "Herceg Novi MNE"]
[Date "2008.09.17"]
[Round "3.17"]
[White "Janczarski, Michal"]
[Black "Kamali, Mehran"]
[Result "1/2-1/2"]
[WhiteElo "2238"]
[BlackElo "2035"]
[PlyCount "131"]
[EventDate "2008.09.15"]
[EventType "swiss"]
[EventRounds "9"]
[Source "lmi"]
[SourceDate "2008.09.15"]

1. c4 Nf6 2. g3 g6 3. Bg2 Bg7 4. Nc3 d6 5. d3 e5 6. Rb1 O-O 7. b4 c6 8. b5 d5
9. bxc6 bxc6 10. cxd5 cxd5 11. Bg5 Be6 12. Qb3 Nc6 13. Qa4 Rc8 14. Nf3 h6 15.
Bd2 e4 16. Ng1 exd3 17. Nf3 dxe2 18. Nxe2 Bf5 19. Rc1 Re8 20. O-O Rxe2 21. Rxc6
Rxc6 22. Qxc6 Ne4 23. Bf4 Qb6 24. Qxb6 axb6 25. Be3 b5 26. Nd4 Bxd4 27. Bxd4
Rd2 28. Be3 Rxa2 29. Re1 b4 30. g4 Be6 31. Rb1 Ra4 32. Bf3 Nc3 33. Rb2 Ra1+ 34.
Kg2 Rb1 35. Rc2 Bd7 36. Bd4 Ba4 37. Rd2 Bb5 38. Bf6 Bc4 39. h4 Rc1 40. g5 h5
41. Bd4 b3 42. Bxc3 Rxc3 43. Bxd5 Rc2 44. Rd1 b2 45. Be4 Rc1 46. Rd8+ Kg7 47.
Rb8 Bd5 48. Bxd5 b1=Q 49. Rxb1 Rxb1 50. Kg3 Rg1+ 51. Bg2 f6 52. Kh2 Rxg2+ 53.
Kxg2 fxg5 54. hxg5 Kf7 55. Kf3 Ke6 56. Ke4 Kd6 57. f3 Ke6 58. f4 h4 59. Ke3 Kf5
60. Kf3 h3 61. Kg3 h2 62. Kxh2 Kxf4 63. Kg2 Kxg5 64. Kg3 Kf5 65. Kf3 Ke6 66.
Kg4 1/2-1/2

[Event "Europa ch s-16"]
[Site "Herceg Novi MNE"]
[Date "2008.09.17"]
[Round "3.18"]
[White "De Schampheleire, Glen"]
[Black "Mazur, Stefan"]
[Result "0-1"]
[WhiteElo "1969"]
[BlackElo "2237"]
[PlyCount "136"]
[EventDate "2008.09.15"]
[EventType "swiss"]
[EventRounds "9"]
[Source "lmi"]
[SourceDate "2008.09.15"]

1. Nf3 d5 2. d4 Nf6 3. c4 c6 4. Nc3 e6 5. Bg5 Nbd7 6. e3 Qa5 7. Nd2 dxc4 8.
Bxf6 Nxf6 9. Nxc4 Qc7 10. Bd3 Be7 11. O-O O-O 12. Rc1 Rd8 13. Qe2 Bd7 14. Rfd1
Be8 15. Nd2 Qa5 16. a3 b6 17. e4 Qh5 18. Nf3 c5 19. d5 exd5 20. exd5 Bd6 21. h3
Bd7 22. Bb5 Bf5 23. Nd2 Qg6 24. Qf3 a6 25. Bc6 Rab8 26. a4 Bd3 27. Nf1 c4 28.
Ne3 Nd7 29. Bxd7 Rxd7 30. Re1 b5 31. axb5 axb5 32. Ng4 h5 33. Ne5 Bxe5 34. Rxe5
b4 35. Na4 Rc8 36. Qxh5 Qxh5 37. Rxh5 Rd6 38. b3 c3 39. Rh4 Rb8 40. Rd4 Bf5 41.
Nc5 Rb5 42. Na4 Rdxd5 43. Rxd5 Rxd5 44. Nxc3 bxc3 45. Rxc3 Rb5 46. Kh2 Be6 47.
Rc7 Rxb3 48. Ra7 Rb2 49. Kg3 Kh7 50. Ra5 Rd2 51. Rc5 Rd5 52. Rc3 Rg5+ 53. Kh2
Bd5 54. g4 Be6 55. Ra3 Rb5 56. Rc3 Rb2 57. Kg1 Rb3 58. Rg3 Rxg3+ 59. fxg3 Kg6
60. Kf2 Kg5 61. Kf3 Bd5+ 62. Kf2 Bc6 63. Kg1 Kf6 64. Kf2 Ke5 65. h4 Ke4 66. g5
Kf5 67. Kg1 Kg4 68. Kh2 Bb7 0-1

[Event "Europa ch s-16"]
[Site "Herceg Novi MNE"]
[Date "2008.09.17"]
[Round "3.19"]
[White "Bregadze, Levan"]
[Black "Balokas, Dimitrios"]
[Result "1-0"]
[WhiteElo "2399"]
[BlackElo "1779"]
[PlyCount "49"]
[EventDate "2008.09.15"]
[EventType "swiss"]
[EventRounds "9"]
[Source "lmi"]
[SourceDate "2008.09.15"]

1. d4 Nf6 2. Nf3 e6 3. c4 b6 4. e3 Bb7 5. Nc3 Bb4 6. Bd3 Ne4 7. O-O Bxc3 8.
bxc3 f5 9. Ne1 O-O 10. f3 Nf6 11. c5 Nc6 12. Rb1 Qe8 13. Ba3 Nd5 14. Qd2 Rf6
15. Nc2 Rh6 16. e4 fxe4 17. fxe4 Nf6 18. e5 Nd5 19. cxb6 Qh5 20. h3 axb6 21. c4
Nde7 22. Be4 Ng6 23. Qf2 Qh4 24. Qf7+ Kh8 25. Bf8 1-0

[Event "Europa ch s-16"]
[Site "Herceg Novi MNE"]
[Date "2008.09.17"]
[Round "3.20"]
[White "Schreiner, Peter"]
[Black "Popilski, Gil"]
[Result "0-1"]
[WhiteElo "2137"]
[BlackElo "2372"]
[PlyCount "72"]
[EventDate "2008.09.15"]
[EventType "swiss"]
[EventRounds "9"]
[Source "lmi"]
[SourceDate "2008.09.15"]

1. e4 c5 2. Nf3 d6 3. Nc3 a6 4. d4 cxd4 5. Nxd4 Nf6 6. f3 e6 7. Be3 b5 8. Qd2
Nbd7 9. g4 Nb6 10. Qf2 Nfd7 11. a4 bxa4 12. Nxa4 Nxa4 13. Rxa4 Bb7 14. Nb3 Be7
15. Qd2 Ne5 16. Be2 Bh4+ 17. Kd1 Nc6 18. Kc1 Be7 19. Kb1 O-O 20. h4 Qc7 21. g5
Rfd8 22. f4 d5 23. e5 d4 24. Bf2 Nxe5 25. Rh3 Ng6 26. Bg3 Qc6 27. Rxd4 Rxd4 28.
Qxd4 Qg2 29. Bg4 Rd8 30. Qe3 Be4 31. Na1 Bf5 32. Bxf5 exf5 33. Rh2 Rd1+ 34. Ka2
Qd5+ 35. Nb3 Qc4 36. Qxe7 Nxe7 0-1

[Event "Europa ch s-16"]
[Site "Herceg Novi MNE"]
[Date "2008.09.17"]
[Round "3.21"]
[White "Klein, David"]
[Black "Mammadov, Ayaz"]
[Result "0-1"]
[WhiteElo "2135"]
[BlackElo "2346"]
[PlyCount "70"]
[EventDate "2008.09.15"]
[EventType "swiss"]
[EventRounds "9"]
[Source "lmi"]
[SourceDate "2008.09.15"]

1. e4 e6 2. d4 d5 3. Nd2 Nf6 4. e5 Nfd7 5. c3 c5 6. Bd3 Nc6 7. Ngf3 cxd4 8.
cxd4 g6 9. h4 f6 10. exf6 Nxf6 11. Nf1 Qc7 12. Bg5 Bb4+ 13. Bd2 Bd6 14. Qc2 O-O
15. a3 Qg7 16. Ne3 Bd7 17. h5 Nxh5 18. Ng4 Rxf3 19. gxf3 Nxd4 20. Qd1 Bf4 21.
Bc3 e5 22. Ne3 Bc6 23. Ng2 Bh6 24. f4 Nxf4 25. Nxf4 Bxf4 26. Bxd4 exd4 27. Qg4
Qf7 28. O-O Bd7 29. Qg2 Rf8 30. Rae1 Bd6 31. f4 Bxf4 32. Rxf4 Qxf4 33. Bxg6 Kh8
34. Re7 Qc1+ 35. Kh2 Qh6+ 0-1